000 00860cam a2200265 a 4500
005 20260322212004.0
008 data
010 _a 88019520
020 _a0870446673 :
_c{dollar}7.95
020 _a087044672X (lib. bdg.)
020 _a9780870446672 :
_c{dollar}7.95
020 _a9780870446726 (lib. bdg.)
040 _aDLC
_cDLC
_dDLC
050 0 0 _aG465
_b.E95 1988
082 0 0 _a910.4
_219
092 _a910.4 E95 1988
245 1 0 _aExcursion to enchantment :
_ba journey to the world's most beautiful places /
_cNational Geographic Society (U.S.).
260 _aWashington, D.C. :
_bThe Society,
_cc1988.
300 _a196, [4] p. :
_bcol. ill. ;
_c26 cm.
500 _aIncludes index.
504 _aBibliography: p. [199]
650 0 _aVoyages and travels.
720 2 _aNational Geographic Society (U.S.).
_bSpecial Publications Division.
001 data
999 _c38
_d38